000 00657nam a2200181Ia 4500
008 100920s9999 xx 000 0 und d
082 _b60508
_a61 थ 82
100 _a---
245 _aपंडित जवाहरलाल नेहरू.
260 _bराष्ट्रीय चरित्रमाला, पुणे.
_c1982
300 _a56
_bसाधी
365 _b5
520 _aस्थानिक वाचन.
630 _aपंडित जवाहरलाल नेहरू.
650 _aस्थानिक वाचन.
730 _aपंडित जवाहरलाल नेहरू.
942 _cBOOK
999 _c703763
_d703760